Support for the development of industrials zones

Enregistré dans:
Détails bibliographiques
Auteur principal: Rydvalová, Petra
Autres auteurs: Žuková, Helena
Format: Chapitre de livre
Langue:anglais
Sujets:
Tags: Ajouter un tag
Pas de tags, Soyez le premier à ajouter un tag!

MARC

LEADER 00000naa$a2200000$$$4500
001 0028843
005 20231004104159.1
041 0 |a eng 
044 |a CZ 
245 1 0 |a Support for the development of industrials zones  |c Petra Rydvalová, Helena Žuková 
610 2 0 |a zóny 
610 2 0 |a parky priemyselné 
610 2 0 |a podnik malý 
610 2 0 |a podnik stredný 
610 2 0 |a podpora podnikania 
610 2 0 |a programy 
610 2 0 |a podpory 
610 2 0 |a rozmiestenie priemyslu 
610 2 0 |a rozmiestenie investícií 
610 2 0 |a Česko 
100 1 |a Rydvalová, Petra 
700 1 |a Žuková, Helena